| 000 | 00475nam a2200169 i 4500 | ||
|---|---|---|---|
| 001 | 71201 | ||
| 003 | ES-MaACL | ||
| 005 | 20230906171048.0 | ||
| 007 | t| | ||
| 008 | 040806s1913 fr ||||1| fre d | ||
| 100 | 1 |
_aGauthiot, R. _956045 |
|
| 245 | 1 | 3 |
_aLa fin de mot en indo-european / _cR. Gauthiot. |
| 260 |
_aParis : _b[s.n., _c1913] ( _fPaul Geuthier) |
||
| 300 |
_a229 p. ; _c23 cm. |
||
| 650 | 0 | 4 |
_aLenguas indoeuropeas. _914360 |
| 852 |
_aES-MaACL _jR-2790 _x F-1892 |
||
| 999 |
_c71201 _d71201 |
||